000 00251nam a2200109Ia 4500
008 220714s9999 xx 000 0 und d
020 _a0671718614-4
082 _aEF ROB
100 _aD.ROBERTSON
_9168851
245 2 _aA RELATIVE FREDOM
942 _cBK
_w561
_xJohn Tresidder
_y561
_zJohn Tresidder
999 _c722140
_d722139